000 00425nam a22001817a 4500
003 OSt
005 20180116183028.0
008 151216b xxu||||| |||| 00| 0 eng d
020 _a9780099377603
040 _c0
082 _a813.54 COX 1983
100 _aRichard Cox
245 _aThe Ice Raid
_cRichard Cox
260 _aLondon
_bArrow Books
_c1983
300 _a319 p.
440 _aThe Ice Raid
942 _2ddc
_cBK
999 _c350894
_d350894